000 00814nam a2200229Ia 4500
003 GCL
008 140319s9999 xx 000 0 ara d
040 _aGCL /
_cGCL
082 0 4 _a822.008
_bش ه
100 1 _aمحمد عوض محمد (مترجم)
245 1 0 _aهنرى الخامس /
_cمحمد عوض محمد (مترجم)
700 1 _aمحمد شفيق غبريال (مراجع)
700 1 _aشكسبير، ويليام
260 _a[S.N] :
_bدار المعارف ،
_c1993
300 _a209 ص
490 _aمسرحيات شكسبير
_v0
650 0 4 _aالادب الانجليزى المترجم
650 0 4 _aالمسرحيات الانجليزية المترجمة
650 0 4 _aشكسبير، ويليام
650 0 4 _aالمسرح الانجليزى المترجم
942 _2ddc
_cBK
999 _c36752
_d36752